[Event "Barceloneta op"]
[Site "Barcelona"]
[Date "2001.??.??"]
[Round "1"]
[White "Marti Puig, Patricia"]
[Black "Campunay Quezada, Eduardo"]
[Result "0-1"]
[WhiteElo "1885"]
[BlackElo "1740"]
[PlyCount "66"]
[EventDate "2001.09.29"]
[EventType "swiss"]
[EventRounds "9"]
[EventCountry "ESP"]
[SourceTitle "CBM 085 Extra"]
[Source "ChessBase"]
[SourceDate "2002.01.21"]
[SourceVersion "1"]
[SourceVersionDate "2002.01.21"]
[SourceQuality "1"]

1. e4 c5 2. c3 Nc6 3. d4 cxd4 4. cxd4 e6 5. Nc3 d5 6. e5 Be7 7. Qg4 g6 8. Nf3 f5 9. Qg3 a6 10. h4 Nb4 11. Kd1 Bf8 12. h5 Ne7 13. Bg5 Rg8 14. hxg6 hxg6 15. Be2 Bd7 16. Nh4 Qb6 17. Be3 0-0-0 18. Nf3 Kb8 19. Bd2 Rc8 20. a3 Nbc6 21. b4 Nxd4 22. Be3 Nxe2 23. Kxe2 Bb5+ 24. Kd2 Qc6 25. Bc5 Qd7 26. a4 Bc4 27. Bd6+ Ka8 28. b5 a5 29. Nd4 Rd8 30. Rh7 g5 31. Nc6 bxc6 32. bxc6 Qxc6 33. Bxe7 Rd7 0-1